Macroeconomics (Record no. 273928)

MARC details
000 -LEADER
fixed length control field 00595nam a2200217Ia 4500
008 - FIXED-LENGTH DATA ELEMENTS--GENERAL INFORMATION
fixed length control field 191130s2016##################000#0#eng##
020 ## - INTERNATIONAL STANDARD BOOK NUMBER
ISBN 9781292080635
082 ## - DEWEY DECIMAL CLASSIFICATION NUMBER
Classification number 339 ACE
100 ## - MAIN ENTRY--AUTHOR NAME
Personal name Acemoglu, Daron
245 ## - TITLE STATEMENT
Title Macroeconomics
Statement of responsibility, etc by Daron Acemoglu, David Laibson and John A. List
250 ## - EDITION STATEMENT
Edition statement Global ed
260 ## - PUBLICATION, DISTRIBUTION, ETC. (IMPRINT)
Place of publication Boston
Name of publisher Pearson
Year of publication 2016
300 ## - PHYSICAL DESCRIPTION
Number of Pages 424 p. : ill., maps ; 28 cm
650 ## - SUBJECT ADDED ENTRY--TOPICAL TERM
Topical Term Macroeconomics
700 ## - ADDED ENTRY--PERSONAL NAME
Personal name Laibson, David
Personal name List, John A
991 ## -
-- 449874

No items available.

Find us on the map